MARC

LEADER 00000nam0a2200000 4500
001 119110
005 20231031124424.0
020 |a RU  |b 86-28099 
035 |a (RuTPU)RU\TPU\book\128887 
090 |a 119110 
100 |a 20070622d1986 km y0rusy5003 ca 
101 0 |a rus 
102 |a RU 
105 |a a z 001zy 
200 1 |a Управляемые механические системы  |e сборник научных трудов  |f Иркутский политехнический ин-т ; под ред. С. В. Елисеева 
210 |a Иркутск  |c ИПИ  |d 1986 
215 |a 168с.  |c ил. 
320 |a Библиогр. в конце ст. 
610 1 |a колебательные системы 
610 1 |a механические системы 
610 1 |a управляемые системы 
610 1 |a колебательные системы 
610 1 |a колебательные контуры 
610 1 |a виброзащита 
610 1 |a устойчивость 
675 |a 62-752(082)  |z rus 
702 1 |a Елисеев  |b С. В.  |g Сергей Викторович  |4 340 
712 0 2 |a Иркутский политехнический ин-т 
801 0 |a RU  |b RuMRKP  |c 19950704  |g psbo 
801 1 |a RU  |b 63413507  |c 20070622  |g PSBO 
801 2 |a RU  |b 63413507  |c 20161101  |g PSBO 
942 |c BK